MMF pripúšťa vinu na kolapse Argentíny

Jednou z najvážnejších menových kríz posledných rokov bola argentínska kríza v r. 2000-2002. Kríza mala devastujúci vplyv na ekonomiku a sociálnu situáciu v krajine - uvrhla do chudoby milióny ľudí. Čiastočnú vinu na tom nesie aj Medzinárodný menový fond (MMF), čo potvrdzuje interné vyšetrovanie vo...

Ausführliche Beschreibung

Gespeichert in:
Bibliographische Detailangaben
1. Verfasser: Slovák, Kristian
Format: Buchkapitel
Sprache:Slowakisch
Schlagworte:
Tags: Tag hinzufügen
Keine Tags, Fügen Sie das erste Tag hinzu!

MARC

LEADER 00000naa$a2200000$$$4500
001 0016934
005 20231009075349.8
041 0 |a slo 
044 |a SK 
245 1 0 |a MMF pripúšťa vinu na kolapse Argentíny  |c aut. Kristian Slovák 
520 |a Jednou z najvážnejších menových kríz posledných rokov bola argentínska kríza v r. 2000-2002. Kríza mala devastujúci vplyv na ekonomiku a sociálnu situáciu v krajine - uvrhla do chudoby milióny ľudí. Čiastočnú vinu na tom nesie aj Medzinárodný menový fond (MMF), čo potvrdzuje interné vyšetrovanie vo fonde. MMF vyzval Argentínu na urýchlenie štrukturálnych reforiem na základe úverov z fondu. 
610 2 0 |a kríza menová 
610 2 0 |a Argentína 
610 2 0 |a insolventnosť 
610 2 0 |a chudoba 
610 2 0 |a reformy štruktúrne 
610 2 0 |a úver 
610 2 0 |a Medzinárodný menový fond 
610 2 0 |a 2000-2002 
100 1 |a Slovák, Kristian